=LDR 00000nam 2200000 4500 =001 INLIS000000000060220 =005 20220114091433 =035 ##$$a 0010-0122000156 =007 ta =008 220114###########################0#ind## =020 ##$$a tidak Teridentifikasi =082 ##$$a R.343.03 =084 ##$$a R.343.03 Ind u =245 ##$$a Undang - Undang RI No. 17 Ttg Keuangan Negara /$c Indonesia =300 ##$$a 240 halaman : $b ilustrasi ; $c 21 cm =650 #4$$a Keuangan Negara - Undang2 dan Peraturan =264 ##$$a Jakarta :$b Tamita Utama,$c 2004 =336 ##$$a teks$2 rdacontent =337 ##$$a lain-lain$2 rdamedia =338 ##$$a lain-lain$2 rdacarrier =990 ##$$a 01960196